00950nam a22002651a 450000100060000000300080000600500170001400800390003103500190007003500190008904000520010804100130016008200220017310000360019524500800023126000370031130000210034850000350036965000530040465000260045770000360048394200120051999900170053195201360054819959BD-RjUL20211209000514.0140226s1963 nyu 000 d eng a(BD-RjUL)20020 a(OCoLC)7110251 aDLCcNmLcUdODaWUdOCoLCdWUdDLCdBD-RjULbeng1 aenghfre a842.912bGES 19631 aGenet, Jean,d1910-1986.96134514aThe screens /cJean Genet; translated from the French by Bernard Frechtman. aNew York :bGrove Press,cc1963. a176 p. ;c20 cm. aTranslation of: Les paravents. aFrench drama vTranslations into English961347 a French drama.9613481 aFrechtman, Bernard,4trl958717 2ddccBK c19959d19959 00102ddc40718FICaRUCLbRUCLcReadingd1970-09-16eThomasg13.50l0o842.912 GES 1963r2014-02-26 00:00:00tC-1w2014-02-26yBK